| 000 | 00891nam a2200241 i 4500 | ||
|---|---|---|---|
| 001 | 17214 | ||
| 003 | ES-MaACL | ||
| 005 | 20250927063033.0 | ||
| 007 | t| | ||
| 008 | 010122s2000 sp af |||| | spa j | ||
| 020 | _a84-8191-300-6 | ||
| 080 | _a791.862(091) | ||
| 100 | 1 |
_aBennassar, Bartolomé, _d1929- _927727 |
|
| 245 | 1 | 0 |
_aHistoria de la tauromaquia _b: una sociedad del espectáculo / _cBartolomé Bennassar ; traducción al castellano de Denise Lavezzi Revel-Chion. |
| 250 | _a1ª ed. | ||
| 260 |
_a[Ronda (Málaga)] : _bReal Maestranza de Caballería de Ronda ; _aValencia : _bPre-Textos, _c2000. |
||
| 300 |
_a197 p., [16] p. de lám. ; _c23 cm. |
||
| 650 | 1 | 4 |
_aTauromaquia- _vHistoria. _917289 |
| 700 | 1 |
_aLavezzi Revel-Chion, Denise. _970712 |
|
| 710 | 2 |
_aReal Maestranza de Caballería de Ronda. _96365 |
|
| 852 |
_aES-MaACL _jL-24196 |
||
| 999 |
_c17214 _d17214 |
||